Essentials of intermediate algebra for college students (Record no. 13795)
[ view plain ]
| 000 -LEADER | |
|---|---|
| fixed length control field | 00431nam a22001697a 4500 |
| 003 - CONTROL NUMBER IDENTIFIER | |
| control field | OSt |
| 005 - DATE AND TIME OF LATEST TRANSACTION | |
| control field | 20160511154351.0 |
| 008 - FIXED-LENGTH DATA ELEMENTS--GENERAL INFORMATION | |
| fixed length control field | 160511b xxu||||| |||| 00| 0 eng d |
| 020 ## - INTERNATIONAL STANDARD BOOK NUMBER | |
| International Standard Book Number | 0131865595 |
| 040 ## - CATALOGING SOURCE | |
| Original cataloging agency | SEKU |
| 050 ## - LIBRARY OF CONGRESS CALL NUMBER | |
| Classification number | QA154.3 |
| Item number | .B58 2006 |
| 100 ## - MAIN ENTRY--PERSONAL NAME | |
| Personal name | Blitzer, Robert |
| 245 ## - TITLE STATEMENT | |
| Title | Essentials of intermediate algebra for college students |
| 300 ## - PHYSICAL DESCRIPTION | |
| Extent | 650p.: |
| 500 ## - GENERAL NOTE | |
| General note | includes table of contents |
| 942 ## - ADDED ENTRY ELEMENTS (KOHA) | |
| Source of classification or shelving scheme | Library of Congress Classification |
| Koha item type | General circulation |
| Withdrawn status | Lost status | Source of classification or shelving scheme | Damaged status | Not for loan | Home library | Current library | Shelving location | Date acquired | Source of acquisition | Total Checkouts | Full call number | Barcode | Date last seen | Price effective from | Koha item type | Public note |
|---|---|---|---|---|---|---|---|---|---|---|---|---|---|---|---|---|
| Library of Congress Classification | Wote Campus Library | Wote Campus Library | General Stacks | 11/05/2016 | donation- books for Africa | QA154.3 .B58 2006 | 2016/011773 | 11/05/2016 | 11/05/2016 | General circulation | GM |